Összes szinművei; először kiadta a Kisfaludy-társaság. (Record no. 14585)
[ view plain ]
| 000 -LEADER | |
|---|---|
| fixed length control field | 00959cam a22002171 4500 |
| 001 - CONTROL NUMBER | |
| control field | ca 11002945 |
| 003 - CONTROL NUMBER IDENTIFIER | |
| control field | DLC |
| 005 - DATE AND TIME OF LATEST TRANSACTION | |
| control field | 20260227111057.0 |
| 008 - FIXED-LENGTH DATA ELEMENTS--GENERAL INFORMATION | |
| fixed length control field | 820211s1902 hu c 000 0 hun |
| 010 ## - LIBRARY OF CONGRESS CONTROL NUMBER | |
| LC control number | ca 11002945 |
| 035 ## - SYSTEM CONTROL NUMBER | |
| System control number | (OCoLC)8149664 |
| 040 ## - CATALOGING SOURCE | |
| Original cataloging agency | DLC |
| Transcribing agency | CU-S |
| Modifying agency | DLC |
| 042 ## - AUTHENTICATION CODE | |
| Authentication code | premarc |
| 050 00 - LIBRARY OF CONGRESS CALL NUMBER | |
| Classification number | PR2795.H8 |
| Item number | V6 |
| 100 1# - MAIN ENTRY--PERSONAL NAME | |
| Personal name | Shakespeare, William, |
| Dates associated with a name | 1564-1616. |
| 240 10 - UNIFORM TITLE | |
| Uniform title | Works. |
| Language of a work | Hungarian. |
| 245 00 - TITLE STATEMENT | |
| Title | Összes szinművei; először kiadta a Kisfaludy-társaság. |
| Statement of responsibility, etc. | Forditották Arany János, Arany László, Ács Zsigmond. Fejes István, Greguss Ág̀ost, Győry Vilmos, Lévay József, Lőrinczi Lehr Zsigmond, Petőfi Sándor, Rákosi Jenő, Szász Károly, Szigligeti Ede, Vörösmarty Mihály. Javitott kiadás, sajtó alá rendezte, az életrajzot és tanulmányokat irta dr. Voinovich Géza. |
| 260 ## - PUBLICATION, DISTRIBUTION, ETC. | |
| Place of publication, distribution, etc. | Budapest, |
| Name of publisher, distributor, etc. | Franklin-Társulat, |
| Date of publication, distribution, etc. | 1902. |
| 300 ## - PHYSICAL DESCRIPTION | |
| Extent | 6 v. |
| Other physical details | front. (port.) |
| Dimensions | 20 cm. |
| 700 1# - ADDED ENTRY--PERSONAL NAME | |
| Personal name | Voinovich, Géza, |
| Relator term | ed. |
No items available.